000 01082nam a22002895a 4500
005 20080522115808.0
008 080520s2008 nyu 000 0 eng
010 _aENG-97827
020 _c500.00
_a9788178311913
035 _aEN-81360
037 _bDBAD/PUB
040 _aDPL
082 _a372.21095482
100 _92856
_aSultana, A. Shahin
245 _aQuality in early childhood care and education:
_cby A. Shahin Sultana
_ba study of Chennai corporation nursery school /
250 _a.
260 _aNew Delhi
_bManak Publications
_c2009
270 _aB-7, Saraswati Complex, Subhash Chwok, Laxmi Nagar,
_bNew Delhi
_e110092
300 _axvi, 180p.
_b23cm. (Hb)
500 _aIncludes bibliographical references and index
650 _aSongs, Hindi.
_94279
650 _aHindustani music.
_91187
700 _94392
942 _2ddc
_cEN
_mSUL
_h372.21095482
999 _c38795
_d38795